Welcome to WEB OPAC of MRSPTU Central Library

Design of Reinfroced Concrete Structures (Record no. 6914)

MARC details
000 -LEADER
fixed length control field 00462nam a2200169Ia 4500
008 - FIXED-LENGTH DATA ELEMENTS--GENERAL INFORMATION
fixed length control field 230711s9999||||xx |||||||||||||| ||und||
020 ## - INTERNATIONAL STANDARD BOOK NUMBER
International Standard Book Number 978-93-85915-36-9
041 ## - LANGUAGE CODE
Language code of text/sound track or separate title ENG
082 ## - DEWEY DECIMAL CLASSIFICATION NUMBER
Classification number 624.183
Item number RA-D
100 ## - MAIN ENTRY--PERSONAL NAME
Personal name Raju N Krishna
245 #0 - TITLE STATEMENT
Title Design of Reinfroced Concrete Structures
Remainder of title IS: 456-2000
250 ## - EDITION STATEMENT
Edition statement 4th Ed.
260 ## - PUBLICATION, DISTRIBUTION, ETC.
Date of publication, distribution, etc. 2019
Place of publication, distribution, etc. New Delhi
Name of publisher, distributor, etc. CBS Publishers & Distributors Pvt.Ltd
300 ## - PHYSICAL DESCRIPTION
Extent 404p.
650 ## - SUBJECT ADDED ENTRY--TOPICAL TERM
Topical term or geographic name entry element Civil Engineering
942 ## - ADDED ENTRY ELEMENTS (KOHA)
Koha item type Book
Holdings
Withdrawn status Lost status Source of classification or shelving scheme Damaged status Not for loan Collection Home library Current library Date acquired Source of acquisition Cost, normal purchase price Inventory number Total checkouts Full call number Barcode Date last seen Date last checked out Price effective from Koha item type Date due
    Dewey Decimal Classification     BK MRSPTU Central Library MRSPTU Central Library   Technical Bureau India PVT.LTD 495.00 TB46744713 4 624.183 RA-D 40761 03/18/2024 03/01/2024 08/17/2023 Book  
    Dewey Decimal Classification     BK MRSPTU Central Library MRSPTU Central Library   Technical Bureau India PVT.LTD 495.00 TB46744713 3 624.183 RA-D 40762 03/18/2024 02/20/2024 08/17/2023 Book  
    Dewey Decimal Classification     BK MRSPTU Central Library MRSPTU Central Library   Technical Bureau India PVT.LTD 495.00 TB46744713 9 624.183 RA-D 40763 03/18/2026 01/20/2026 08/17/2023 Book  
    Dewey Decimal Classification     BK MRSPTU Central Library MRSPTU Central Library   Technical Bureau India PVT.LTD 495.00 TB46744713 7 624.183 RA-D 40764 04/07/2026 04/07/2026 08/17/2023 Book 04/28/2026
    Dewey Decimal Classification     BK MRSPTU Central Library MRSPTU Central Library   Technical Bureau India PVT.LTD 495.00 TB46744713 15 624.183 RA-D 40765 04/07/2026 04/07/2026 08/17/2023 Book 04/28/2026
    Dewey Decimal Classification     BK MRSPTU Central Library MRSPTU Central Library   Technical Bureau India PVT.LTD 495.00 TB46744713 1 624.183 RA-D 40766 02/18/2025 01/24/2025 08/17/2023 Book  
    Dewey Decimal Classification     BK MRSPTU Central Library MRSPTU Central Library   Technical Bureau India PVT.LTD 495.00 TB46744713 5 624.183 RA-D 40767 02/11/2026 01/20/2026 08/17/2023 Book  
    Dewey Decimal Classification     BK MRSPTU Central Library MRSPTU Central Library   Technical Bureau India PVT.LTD 495.00 TB46744713   624.183 RA-D 40768 08/17/2023   08/17/2023 Book  
    Dewey Decimal Classification     BK MRSPTU Central Library MRSPTU Central Library   Technical Bureau India PVT.LTD 495.00 TB46744713   624.183 RA-D 40769 08/17/2023   08/17/2023 Book  
    Dewey Decimal Classification     BK MRSPTU Central Library MRSPTU Central Library   Technical Bureau India PVT.LTD 495.00 TB46744713   624.183 RA-D 40770 08/17/2023   08/17/2023 Book  

Website Designed and Developed by MRSPTU Central Library Team

E-mail Id: librarian@mrsptu.ac.in